Documento expedido por Agustín Arozqueta (Record no. 4884)

MARC details
000 -CABECERA
campo de control de longitud fija 01348nam a2200289 a 4500
001 - NÚMERO DE CONTROL
campo de control BRCA_5190
005 - FECHA Y HORA DE LA ÚLTIMA TRANSACCIÓN
campo de control 20190320204957.0
008 - DATOS DE LONGITUD FIJA--INFORMACIÓN GENERAL
campo de control de longitud fija 241110m18041805mx-######v---#000-0#spa-#
041 ## - CÓDIGO DE LENGUA
Código de lengua del texto/banda sonora o título independiente spa
044 ## - CÓDIGO DEL PAÍS DE LA ENTIDAD EDITORA/PRODUCTORA
Código MARC del país mx
084 ## - OTRO NÚMERO DE CLASIFICACIÓN
Número de clasificación DOC147
Número de documento/Ítem .A76
-- 1804
100 1# - ENTRADA PRINCIPAL--NOMBRE DE PERSONA
Nombre de persona Arozqueta, Agustín
Títulos y otros términos asociados al nombre Corregidor de la Ciudad de Toluca
9 (RLIN) 13284
245 10 - MENCIÓN DE TÍTULO
Título Documento expedido por Agustín Arozqueta
Mención de responsabilidad, etc. Agustín Arozqueta.
260 ## - PUBLICACIÓN, DISTRIBUCIÓN, ETC.
Lugar de publicación, distribución, etc. México
Fecha de publicación, distribución, etc. 1804-1805
300 ## - DESCRIPCIÓN FÍSICA
Extensión [30] fojas
Dimensiones 31 x 22 cm
500 ## - NOTA GENERAL
Nota general Documento expedido en 1804-1805
500 ## - NOTA GENERAL
Nota general Don Agustín Arozqueta, Corregidor de la Ciudad de Toluca, da cuenta y certificación de los gravámenes en su jurisdicción
500 ## - NOTA GENERAL
Nota general Papel con marca de agua
500 ## - NOTA GENERAL
Nota general En la parte superior sello español e inscripción que dice: SELLO SEGUNDO DOCE REALES. AÑO DE MIL OCHOCIENTOS QUATRO, Y OCHOCIENTOS CINCO
500 ## - NOTA GENERAL
Nota general Estado de conservación: contiene manchas de acido, márgenes maltratados, y mancha de tinta
506 0# - NOTA DE RESTRICCIONES AL ACCESO
Limitaciones de acceso Fondo reservado: para su consulta es necesario credencial de usuario y carta de motivos
546 ## - NOTA DE LENGUA/LENGUAJE
Nota de lengua/lenguaje Texto en: español de principios del siglo XIX
600 14 - PUNTO DE ACCESO ADICIONAL DE MATERIA--NOMBRE DE PERSONA
Nombre de persona Arozqueta, Agustín
Títulos y otros términos asociados al nombre Corregidor de la Ciudad de Toluca
9 (RLIN) 13284
650 14 - PUNTO DE ACCESO ADICIONAL DE MATERIA--TÉRMINO DE MATERIA
Término de materia o nombre geográfico como elemento de entrada Documentos legales
Subdivisión de forma Impreso con manuscrito
Subdivisión general Historia
Subdivisión cronológica Colonia, 1521-1821
Subdivisión geográfica Toluca
9 (RLIN) 13285
902 ## - CATALOGADOR
Iniciales FDH
942 ## - ELEMENTOS DE PUNTO DE ACCESO ADICIONAL (KOHA)
Fuente del sistema de clasificación o colocación Library of Congress Classification
Tipo de ítem Koha Documentos
Holdings
Estado de retiro Estado de pérdida Estado dañado No para préstamo Localización permanente Ubicación/localización actual Fecha de adquisición Total de préstamos Signatura topográfica completa Código de barras Fecha visto por última vez Precio válido a partir de Tipo de ítem Koha
El ejemplar forma parte de la colección y puede ser consultado según las políticas vigentes.       Biblioteca del Museo Franz Mayer (Rogerio Casas-Alatriste) Biblioteca del Museo Franz Mayer (Rogerio Casas-Alatriste) 24/11/2010   DOC147 .A76 1804 5618 22/03/2019 22/03/2019 Documentos